Super Mario Odyssey Speedruns Over Time - Statistics

General Stats
  • This quiz has been taken 102 times
  • The average score is 44 of 89
Answer Stats
Time Setter (Holder) % Correct
59:32 Tyron18
81%
59:09 Tyron18
81%
59:05.133 Tyron18
81%
59:02 Tyron18
81%
58:59 Tyron18
81%
58:47 Tyron18
81%
58:36 Tyron18
81%
58:34 Tyron18
81%
58:23 Tyron18
81%
58:11 Tyron18
81%
57:46 Tyron18
81%
57:43 Tyron18
81%
57:38 Tyron18
81%
59:14 Mitch
69%
59:05.020 Mitch
69%
58:42 Mitch
69%
58:39 Mitch
69%
58:33 Mitch
69%
58:20 Mitch
69%
58:13 Mitch
69%
57:54 Mitch
69%
57:44 Mitch
69%
57:35 Mitch
69%
1:04:20 NicroVeda
64%
1:03:33 NicroVeda
64%
1:03:29 NicroVeda
64%
1:03:28 NicroVeda
64%
1:03:19 NicroVeda
64%
1:03:16 NicroVeda
64%
1:03:00 NicroVeda
64%
1:02:48 NicroVeda
64%
1:02:19 NicroVeda
64%
1:01:46 NicroVeda
64%
1:01:07 NicroVeda
64%
1:00:09 NicroVeda
64%
59:59 NicroVeda
64%
1:00:58 Chaospringle
52%
1:00:55 Chaospringle
52%
1:00:52 Chaospringle
52%
1:00:41 Chaospringle
52%
1:00:34 Chaospringle
52%
1:00:31 Chaospringle
52%
1:00:24 Chaospringle
52%
1:00:20 Chaospringle
52%
59:58 Chaospringle
52%
59:57.677 Chaospringle
52%
59:35 Chaospringle
52%
59:30 Chaospringle
52%
1:01:42 LilKirbs
45%
1:01:21 LilKirbs
45%
1:16:17 Vallu
37%
1:15:12 Vallu
37%
1:13:46 Vallu
37%
1:12:55 Vallu
37%
1:11:48 Vallu
37%
1:10:43 Vallu
37%
1:09:17 Vallu
37%
1:08:07 Vallu
37%
1:07:06 Vallu
37%
1:04:50 Vallu
37%
59:46.249 goryuya
31%
1:53:46 MonkeyKingHero
30%
1:34:29 MonkeyKingHero
30%
1:07:39 nedeahS
27%
1:06:51 nedeahS
27%
1:06:12 nedeahS
27%
1:05:35 nedeahS
27%
1:05:14 nedeahS
27%
1:04:48 nedeahS
27%
1:04:43 nedeahS
27%
1:03:58 nedeahS
27%
1:03:47 nedeahS
27%
1:08:48 Samura1man
25%
1:02:46 Suisaga
25%
1:02:32 Suisaga
25%
1:02:31 Suisaga
25%
1:02:30 Suisaga
25%
1:02:15 Suisaga
25%
1:02:05 Suisaga
25%
1:02:01 Suisaga
25%
1:01:57 Suisaga
25%
1:01:34 Suisaga
25%
1:01:28 Suisaga
25%
1:00:38 Equanimity
22%
1:24:28 IMtendo
22%
1:23:29 IMtendo
22%
1:19:39 IMtendo
22%
1:18:15 IMtendo
22%
1:10:22 Iwabi74
19%
No matching quizzes found
Score Distribution
Percent of People with Each Score
Percentile by Number Answered
Your Score History
You have not taken this quiz